Catálogo
 En Linea

Spinoza y los afectos como invención del pensar: (Registro nro. 52009)

Detalles MARC
000 -CABECERA
campo de control de longitud fija 00923nam a2200253 a 4500
003 - IDENTIFICADOR DEL NÚMERO DE CONTROL
campo de control DO-SdBNP
005 - FECHA Y HORA DE LA ÚLTIMA TRANSACCIÓN
campo de control 20240301073825.0
007 - CAMPO FIJO DE DESCRIPCIÓN FÍSICA--INFORMACIÓN GENERAL
campo de control de longitud fija ta
008 - DATOS DE LONGITUD FIJA--INFORMACIÓN GENERAL
campo de control de longitud fija 220610e2016 dr ||||gr|||| 001 e spa d
020 ## - NÚMERO INTERNACIONAL ESTÁNDAR DEL LIBRO
Número Internacional Estándar del Libro 9789945498837
040 ## - FUENTE DE LA CATALOGACIÓN
Centro catalogador/agencia de origen DO-SdBNP
Lengua de catalogación spa
Centro/agencia transcriptor BNPHU
082 #4 - NÚMERO DE LA CLASIFICACIÓN DECIMAL DEWEY
Número de edición 22
Número de documento/Ítem S758a
245 ## - MENCIÓN DE TÍTULO
Título Spinoza y los afectos como invención del pensar:
Resto del título ponencias del panel sobre Spinoza, poema del pensamiento, de Henri Meschonic
Mención de responsabilidad, etc. Editor, Diógenes Céspedes.
260 ## - PUBLICACIÓN, DISTRIBUCIÓN, ETC.
Lugar de publicación, distribución, etc. Santo Domingo :
Nombre del editor, distribuidor, etc. Universitaria UASD,
Fecha de publicación, distribución, etc. 2016
300 ## - DESCRIPCIÓN FÍSICA
Extensión 69 p. ;
Dimensiones 21 cm.
500 ## - NOTA GENERAL
Nota general Incluye datos biográficos del editor, p. 61- 64
500 ## - NOTA GENERAL
Nota general Incluye biografía y nota al pié de páginas.
500 ## - NOTA GENERAL
Nota general Incluye índice onomástico, p. 65- 69
590 ## - NOTA LOCAL (RLIN)
Nota local Inventariado 2022 / MF
600 1# - PUNTO DE ACCESO ADICIONAL DE MATERIA--NOMBRE DE PERSONA
Nombre de persona Baruc, Spinosa
Fechas asociadas al nombre 1632- 1677
Subdivisión general Biografía
9 (RLIN) 81859
700 1# - PUNTO DE ACCESO ADICIONAL--NOMBRE DE PERSONA
Nombre de persona Céspedes, Diógenes,
Fechas asociadas al nombre 1941-
Término indicativo de función/relación ed.
9 (RLIN) 20548
910 ## - DATOS DE OPCIÓN DEL USUARIO (OCLC)
Datos de opción del usuario MFeliz
942 ## - ELEMENTOS DE PUNTO DE ACCESO ADICIONAL (KOHA)
Fuente del sistema de clasificación o colocación Dewey Decimal Classification
Tipo de ítem Koha Libro
Existencias
Estado de retiro Estado de pérdida Fuente del sistema de clasificación o colocación Restricciones de uso No para préstamo Código de colección Localización permanente Ubicación/localización actual Ubicación en estantería Fecha de adquisición Total de préstamos Signatura topográfica completa Código de barras Fecha visto por última vez Precio válido a partir de Tipo de ítem Koha Nota pública
    Dewey Decimal Classification Excluido de préstamo   Patrimonio Dominicano Biblioteca Nacional Pedro Henríquez Ureña Biblioteca Nacional Pedro Henríquez Ureña En catalogación 03.05.2021   S758a 2022-2925 10.06.2022 10.06.2022 Libro Ejemplar autografiado

Con tecnología Koha